| 000 | 00616nam a22001937a 4500 | ||
|---|---|---|---|
| 003 | 0 | ||
| 005 | 20250729115550.0 | ||
| 008 | 250729b xxu||||| |||| 00| 0 eng d | ||
| 020 | _a9781394261734 | ||
| 050 |
_aHF 5718.3 _b.L56 2024 |
||
| 100 |
_aLindsell-Roberts, Sheryl _eauthor |
||
| 245 |
_a Business writing with AI for dummies _cSheryl Lindsell-Roberts |
||
| 260 |
_aHoboken, New Jersey _bJohn Wiley & Sons, Inc. _c2024 |
||
| 300 |
_axiv, 368 pages ; _c24cm. |
||
| 504 | _aIncludes index. | ||
| 650 | _aArtificial intelligence. | ||
| 650 | _aBusiness writing--Artificial intelligence. | ||
| 942 |
_2lcc _cBK |
||
| 999 |
_c367484 _d367484 |
||